Live forever / (Record no. 353248)

000 -LEADER
fixed length control field 01435 a2200361 4500
003 - CONTROL NUMBER IDENTIFIER
control field OSt
005 - DATE AND TIME OF LATEST TRANSACTION
control field 20180116192359.0
008 - FIXED-LENGTH DATA ELEMENTS--GENERAL INFORMATION
fixed length control field 120702t xxu||||| |||| 00| 0 eng d
010 ## - LIBRARY OF CONGRESS CONTROL NUMBER
LC control number 2010281139
020 ## - INTERNATIONAL STANDARD BOOK NUMBER
International Standard Book Number 9780714848860
020 ## - INTERNATIONAL STANDARD BOOK NUMBER
International Standard Book Number 0714848867
035 ## - SYSTEM CONTROL NUMBER
System control number (OCoLC)ocn227931908
040 ## - CATALOGING SOURCE
Transcribing agency 0
082 04 - DEWEY DECIMAL CLASSIFICATION NUMBER
Classification number 759.13074 22
100 1# - MAIN ENTRY--PERSONAL NAME
Personal name Peyton, Elizabeth,
9 (RLIN) 4914
245 10 - TITLE STATEMENT
Title Live forever /
Statement of responsibility, etc. Elizabeth Peyton ; [contributors, Laura Hoptman, Iwona Blazwick, John Giorno].
260 ## - PUBLICATION, DISTRIBUTION, ETC.
Place of publication, distribution, etc. London ;
-- New York ;
Name of publisher, distributor, etc. Phaidon Press,
Date of publication, distribution, etc. 2008.
300 ## - PHYSICAL DESCRIPTION
Extent 255 p. :
Other physical details chiefly ill. (chiefly col.) ;
Dimensions 31 cm.
500 ## - GENERAL NOTE
General note "In association with the New Museum ... New York."
500 ## - GENERAL NOTE
General note Contributors from p. 255.
500 ## - GENERAL NOTE
General note Catalog of an exhibition at the New Museum and other venues.
505 0# - FORMATTED CONTENTS NOTE
Formatted contents note Ephemera -- Works -- Fin de siecle / by Laura Hoptman -- Excessive life / by Iwona Blazwick -- Her hand dipped in wisdom / by John Giorno.
600 10 - SUBJECT ADDED ENTRY--PERSONAL NAME
Personal name Peyton, Elizabeth,
Dates associated with a name 1965-
9 (RLIN) 4915
650 10 - SUBJECT ADDED ENTRY--TOPICAL TERM
Topical term or geographic name entry element Painting, American
9 (RLIN) 4916
650 10 - SUBJECT ADDED ENTRY--TOPICAL TERM
Topical term or geographic name entry element Portrait photography
9 (RLIN) 4917
650 10 - SUBJECT ADDED ENTRY--TOPICAL TERM
Topical term or geographic name entry element Portrait painting, American
9 (RLIN) 4918
700 1# - ADDED ENTRY--PERSONAL NAME
Personal name Hoptman, Laura J.,
Dates associated with a name 1962-
9 (RLIN) 4919
700 1# - ADDED ENTRY--PERSONAL NAME
Personal name Blazwick, Iwona.
9 (RLIN) 4920
700 1# - ADDED ENTRY--PERSONAL NAME
Personal name Giorno, John.
9 (RLIN) 4921
710 2# - ADDED ENTRY--CORPORATE NAME
Corporate name or jurisdiction name as entry element New Museum of Contemporary Art (New York, N.Y.)
9 (RLIN) 4922
942 ## - ADDED ENTRY ELEMENTS (KOHA)
Institution code [OBSOLETE] SADA
Koha item type Book
Call number prefix 759.13074 22 PEY 2008
Source of classification or shelving scheme
952 ## - LOCATION AND ITEM INFORMATION (KOHA)
-- BOOK
Holdings
Withdrawn status Lost status Source of classification or shelving scheme Damaged status Not for loan Permanent Location Current Location Date acquired Total Checkouts Full call number Barcode Date last seen Cost, replacement price Price effective from Koha item type
          School of Art Design and Architecture (SADA) School of Art Design and Architecture (SADA) 06/28/2011   759.13074 22 PEY 2008 SADA0001401 08/05/2011 3367.00 08/05/2011 Book
© 2023 Central Library, National University of Sciences and Technology. All Rights Reserved.